Central Library OPAC University of Rajshahi

The organization of educational research : (Record no. 60425)

MARC details
000 -LEADER
fixed length control field 00910nam a2200241 a 4500
001 - CONTROL NUMBER
control field 60425
003 - CONTROL NUMBER IDENTIFIER
rucl marc code BD-RjUL
005 - DATE AND TIME OF LATEST TRANSACTION
control field 20211209080834.0
008 - FIXED-LENGTH DATA ELEMENTS--GENERAL INFORMATION
fixed length control field 161231s1966 sz 10000 eng d
035 ## - SYSTEM CONTROL NUMBER
System control number (BD-RjUL)60549
040 ## - CATALOGING SOURCE
Modifying agency CStRLIN
-- CU-A
-- BD-RjUL
Original cataloging agency BD-RjUL
Language of cataloging eng
Transcribing agency BD-RjUL
041 ## - LANGUAGE CODE
Language code of text/sound track or separate title eng
082 ## - DEWEY DECIMAL CLASSIFICATION NUMBER
Classification number 370.7
Edition number 23
Author mark and year INO 1966
110 20 - MAIN ENTRY--CORPORATE NAME
Corporate name or jurisdiction name as entry element International Bureau of Education.
9 (RLIN) 179821
245 14 - TITLE STATEMENT
Title The organization of educational research :
Remainder of title comparative education study /
Statement of responsibility, etc. International Bureau of Education
260 1# - PUBLICATION, DISTRIBUTION, ETC. (IMPRINT)
Place of publication, distribution, etc. Geneva ;
-- Paris :
Name of publisher, distributor, etc. International Bureau of Education ;
-- Unesco,
Date of publication, distribution, etc. c1966
300 ## - PHYSICAL DESCRIPTION
Pagination xlix, 171 p. ;
Size 24 cm.
490 1# - SERIES STATEMENT
Series statement Publication / International Bureau of Education ;
Volume/sequential designation no. 288.
650 #0 - SUBJECT ADDED ENTRY--TOPICAL TERM
Topical term or geographic name as entry element Education
General subdivision Research.
9 (RLIN) 179744
Topical term or geographic name as entry element Education
Form subdivision Congresses.
9 (RLIN) 179822
830 #0 - SERIES ADDED ENTRY--UNIFORM TITLE
Uniform title Publication (International Bureau of Education) ;
Volume number/sequential designation no. 288.
942 ## - ADDED ENTRY ELEMENTS (KOHA)
Source of classification or shelving scheme Dewey Decimal Classification
Koha item type Books
Holdings
Lost status Source of classification or shelving scheme Damaged status Not for loan Collection code Permanent Location Current Location Shelving location Date acquired Source of acquisition Cost, normal purchase price Total Checkouts Full call number Date last seen Copy number Koha item type
  Dewey Decimal Classification   Not For Loan Non-fiction Central Library, University of Rajshahi Central Library, University of Rajshahi Reading Room 25/07/1970 Sweet Zeitlinger 33.00   370.7 INO 1966 31/12/2016 C-1 Books